| 000 | 01063nam a2200313 i 4500 | ||
|---|---|---|---|
| 003 | DO-SdBNP | ||
| 005 | 20251106095804.0 | ||
| 007 | ta | ||
| 008 | 081204s2007 dr r 000 0 spa d | ||
| 020 | _a9789945160772 | ||
| 040 |
_aDO-SdBNP _bspa _cBNPHU _erda |
||
| 041 | _aspa | ||
| 082 | 4 |
_aRD863.2 _bA594f _222 |
|
| 100 | 1 |
_aAngulo Guridi, Francisco Javier, _d1816-1884 _eautor _4aut. _910453 |
|
| 245 | 1 | 3 |
_aLa fantasma de Higüey / _cFrancisco Javier Angulo Guridi ; edición, Isael Pérez. |
| 264 | 4 |
_aSanto Domingo : _bJunta Central Dominicana, _c©2007. |
|
| 300 |
_a130 páginas ; _c21 cm. |
||
| 336 |
_atexto _btxt _2rdacontent |
||
| 337 |
_asin mediación _bn _2rdamedia |
||
| 338 |
_avolumen _bnc _2rdacarrier |
||
| 500 | _aIncluye biografía del autor en las solapas | ||
| 500 | _aPrimera edición de la Junta Cultural Dominicana | ||
| 590 | _aInventariado, 2025/BT | ||
| 650 | 4 |
_aNovela dominicana _9223 |
|
| 650 | 4 |
_aLiteratura dominicana. _967 |
|
| 700 | 1 |
_aPérez, Isael, _d1961- _eeditor _4ed. _91414 |
|
| 910 | _aBtavárez | ||
| 942 |
_2ddc _cLBS1 |
||
| 999 |
_c60019 _d60019 |
||